[Event "Penang op 8th"]
[Site "Penang"]
[Date "2016.12.06"]
[Round "3"]
[White "Zulkipli, Zaidan"]
[Black "Ramnath, Bhuvanesh R"]
[Result "1-0"]
[WhiteElo "2136"]
[BlackElo "2297"]
[PlyCount "83"]
[EventDate "2016.12.05"]
[EventType "swiss"]
[EventRounds "9"]
[EventCountry "MAS"]
[SourceTitle "CBM 176 Extra"]
[Source "ChessBase"]
[SourceDate "2017.03.02"]
[SourceVersion "1"]
[SourceVersionDate "2017.03.02"]
[SourceQuality "1"]

1. d4 Nf6 2. c4 d6 3. Nf3 g6 4. g3 Bg7 5. Bg2 0-0 6. 0-0 c6 7. Nc3 Bf5 8. Ng5 e5 9. d5 cxd5 10. cxd5 Na6 11. e4 Bd7 12. Qe2 h6 13. Nf3 Rc8 14. Ne1 Nc5 15. Nd3 Nxd3 16. Qxd3 Qa5 17. a4 Nh5 18. Bd2 f5 19. Nb5 Qa6 20. exf5 gxf5 21. Qa3 Rfd8 22. Nxd6 Rc2 23. Bb4 e4 24. Rab1 Nf6 25. Bh3 Ng4 26. Bxg4 fxg4 27. Nxe4 Bf5 28. Nc3 Bd4 29. Bc5 Bxc3 30. bxc3 Rxd5 31. Bd4 Rd7 32. Rb2 Rxb2 33. Qxb2 Be4 34. Re1 Qd3 35. Qxb7 Rxd4 36. Qc8+ Rd8 37. Qe6+ Kh7 38. Qxe4+ Qxe4 39. Rxe4 h5 40. Re7+ Kg6 41. Rxa7 Rf8 42. Re7 1-0

[Event "Abu Dhabi op 23rd"]
[Site "Abu Dhabi"]
[Date "2016.08.29"]
[Round "9"]
[White "Kuybokarov, Temur"]
[Black "Ramnath, Bhuvanesh R"]
[Result "0-1"]
[WhiteElo "2466"]
[BlackElo "2307"]
[PlyCount "142"]
[EventDate "2016.08.21"]
[EventType "swiss"]
[EventRounds "9"]
[EventCountry "UAE"]
[SourceTitle "CBM 174 Extra"]
[Source "ChessBase"]
[SourceDate "2016.10.10"]
[SourceVersion "1"]
[SourceVersionDate "2016.10.10"]
[SourceQuality "1"]

1. e4 g6 2. d4 Bg7 3. Nf3 d6 4. Be2 Nf6 5. Nc3 0-0 6. 0-0 Bg4 7. Be3 Nc6 8. h3 Bxf3 9. Bxf3 e5 10. dxe5 dxe5 11. Nb5 Qe7 12. c3 Rfd8 13. Qb1 a6 14. Na3 Qf8 15. Qc1 Nd7 16. b4 a5 17. b5 Na7 18. Rd1 Nc5 19. Rd5 Rxd5 20. exd5 e4 21. Be2 Rd8 22. c4 Nc8 23. Rb1 Nb6 24. Nc2 Nbd7 25. Qa3 b6 26. Nd4 Re8 27. Nc6 Qd6 28. Rd1 f5 29. g3 Qf8 30. h4 Bh6 31. Bxh6 Qxh6 32. d6 cxd6 33. Rxd6 Qf8 34. Rd5 Nf6 35. Rd1 e3 36. f4 Nfe4 37. Qxe3 Nxg3 38. Qxg3 Rxe2 39. Qf3 Re8 40. Qd5+ Kg7 41. Ne5 Qf6 42. h5 Re7 43. hxg6 hxg6 44. Qd6 Re6 45. Qd8 Qxd8 46. Rxd8 g5 47. Nd7 Nxd7 48. Rxd7+ Kf6 49. Ra7 gxf4 50. Ra6 Ke5 51. Ra8 Kd4 52. Rc8 Re2 53. a4 Rc2 54. Rf8 Rxc4 55. Rxf5 Ke3 56. Rf6 f3 57. Re6+ Re4 58. Rxb6 Ke2 59. Rf6 Rg4+ 60. Kh2 f2 61. Re6+ Kf3 62. Rf6+ Ke2 63. Re6+ Kf1 64. b6 Rxa4 65. b7 Rb4 66. Re7 a4 67. Rc7 a3 68. Rc1+ Ke2 69. Kg2 Rxb7 70. Rc2+ Kd3 71. Ra2 f1Q+ 0-1

[Event "Abu Dhabi op 23rd"]
[Site "Abu Dhabi"]
[Date "2016.08.23"]
[Round "3"]
[White "Wafa, Shrook"]
[Black "Ramnath, Bhuvanesh R"]
[Result "0-1"]
[WhiteElo "2106"]
[BlackElo "2307"]
[PlyCount "121"]
[EventDate "2016.08.21"]
[EventType "swiss"]
[EventRounds "9"]
[EventCountry "UAE"]
[SourceTitle "CBM 174 Extra"]
[Source "ChessBase"]
[SourceDate "2016.10.10"]
[SourceVersion "1"]
[SourceVersionDate "2016.10.10"]
[SourceQuality "1"]

1. e4 g6 2. d4 Bg7 3. Nc3 c6 4. Nf3 d5 5. exd5 cxd5 6. Bb5+ Bd7 7. Bxd7+ Qxd7 8. Ne5 Bxe5 9. dxe5 d4 10. Ne2 Nc6 11. Bf4 Rd8 12. 0-0 f6 13. exf6 Nxf6 14. Bh6 Kf7 15. c3 dxc3 16. Qb3+ Qd5 17. Qxc3 Qd3 18. Rfe1 Qxc3 19. Nxc3 Rd4 20. h3 Rhd8 21. Re2 R4d7 22. Rae1 Nd4 23. Re5 Nc6 24. Rc5 Nb4 25. Re2 Nd3 26. Rc4 a6 27. Ne4 Nxe4 28. Rcxe4 e5 29. Bg5 Rc8 30. Rd2 Rc5 31. Re3 Rcd5 32. Rf3+ Kg7 33. Bf6+ Kg8 34. Re3 Nf4 35. Rc2 Rd1+ 36. Kh2 Nd5 37. Rc8+ Kf7 38. Bxe5 Nxe3 39. fxe3 Ke6 40. Bd4 Rd2 41. Re8+ Re7 42. Rc8 Rf7 43. Re8+ Kd7 44. Rb8 Kc6 45. Rc8+ Kd7 46. Rb8 Rff2 47. Rxb7+ Kc8 48. Rb6 Rxg2+ 49. Kh1 Rge2 50. Rc6+ Kd7 51. Rc1 Rh2+ 52. Kg1 Rxh3 53. a3 Rhh2 54. Rc5 Rdg2+ 55. Kf1 Rc2 56. Rxc2 Rxc2 57. a4 Kc6 58. b4 Ra2 59. b5+ axb5 60. axb5+ Kxb5 61. Ke1 0-1

[Event "IND-ch Challengers 54th"]
[Site "Noida"]
[Date "2016.07.19"]
[Round "13"]
[White "Nitin, Senthilvel"]
[Black "Ramnath, Bhuvanesh R"]
[Result "1-0"]
[WhiteElo "2398"]
[BlackElo "2307"]
[PlyCount "141"]
[EventDate "2016.07.09"]
[EventType "swiss"]
[EventRounds "13"]
[EventCountry "IND"]
[SourceTitle "CBM 173 Extra"]
[Source "ChessBase"]
[SourceDate "2016.08.29"]
[SourceVersion "1"]
[SourceVersionDate "2016.08.29"]
[SourceQuality "1"]

1. e4 c5 2. Nf3 Nc6 3. Bb5 Nf6 4. Nc3 Qc7 5. 0-0 Nd4 6. Re1 a6 7. Bc4 d6 8. Nd5 Nxd5 9. exd5 Bg4 10. Be2 Nxe2+ 11. Qxe2 Qd7 12. h3 Bh5 13. d4 cxd4 14. Qe4 Bxf3 15. Qxf3 Rc8 16. Bg5 h6 17. Bd2 Rxc2 18. Qd3 Rc5 19. Qxd4 Qf5 20. Bb4 Rxd5 21. Qa7 f6 22. Qxb7 Rb5 23. Qa8+ Kf7 24. Bc3 a5 25. a4 Rc5 26. Rad1 Qc8 27. Qa7 Qc7 28. Qxc7 Rxc7 29. Bxa5 Ra7 30. Rd5 e6 31. Rb5 Be7 32. b3 Rc8 33. Bd2 e5 34. Be3 Raa8 35. a5 Ke6 36. Rd1 Rcb8 37. Rdd5 Bd8 38. b4 Kd7 39. Rxb8 Rxb8 40. a6 Kc6 41. Rd1 Ra8 42. b5+ Kxb5 43. Rxd6 Bc7 44. Rd7 Kc6 45. Rxg7 Rxa6 46. Rf7 Ra1+ 47. Kh2 e4+ 48. g3 Be5 49. Bxh6 Bd4 50. Be3 Bxe3 51. Rxf6+ Kd5 52. fxe3 Ke5 53. Rb6 Ra2+ 54. Kg1 Ra1+ 55. Kf2 Ra2+ 56. Kf1 Ra1+ 57. Ke2 Ra2+ 58. Kd1 Rg2 59. Rg6 Kd5 60. Ke1 Kc4 61. Kf1 Rh2 62. Rd6 Rxh3 63. Kg2 Rh8 64. Rd4+ Kc3 65. Rxe4 Kd3 66. Kf3 Rf8+ 67. Rf4 Re8 68. Rd4+ Kc3 69. g4 Rg8 70. Rd5 Kc4 71. e4 1-0

[Event "IND-ch Challengers 54th"]
[Site "Noida"]
[Date "2016.07.17"]
[Round "11"]
[White "Ramnath, Bhuvanesh R"]
[Black "Pradip, Ghosh"]
[Result "1-0"]
[WhiteElo "2307"]
[BlackElo "2121"]
[PlyCount "71"]
[EventDate "2016.07.09"]
[EventType "swiss"]
[EventRounds "13"]
[EventCountry "IND"]
[SourceTitle "CBM 173 Extra"]
[Source "ChessBase"]
[SourceDate "2016.08.29"]
[SourceVersion "1"]
[SourceVersionDate "2016.08.29"]
[SourceQuality "1"]

1. Nf3 Nf6 2. g3 g6 3. Bg2 Bg7 4. 0-0 d6 5. c4 0-0 6. Nc3 Nc6 7. d3 e5 8. Rb1 h6 9. b4 Be6 10. b5 Ne7 11. a4 Qd7 12. Ba3 Bh3 13. c5 Bxg2 14. Kxg2 Rfe8 15. cxd6 cxd6 16. Qb3 Rad8 17. e4 g5 18. Nd2 Ng6 19. h3 h5 20. Nc4 Re6 21. Ne3 Ne7 22. Qd1 Rc8 23. Rc1 a6 24. Qb3 h4 25. Qd1 Kh7 26. Qf3 Rh8 27. Nf5 Kg8 28. Rb1 Bf8 29. Bc1 Nh7 30. Qg4 Qe8 31. Nxh4 Ng6 32. Nf5 Nf6 33. Qxg5 Rh5 34. Qe3 d5 35. Qf3 Qc8 36. Nxd5 1-0

[Event "IND-ch Challengers 54th"]
[Site "Noida"]
[Date "2016.07.13"]
[Round "7"]
[White "Ramnath, Bhuvanesh R"]
[Black "Abid, Ali"]
[Result "1-0"]
[WhiteElo "2307"]
[BlackElo "2149"]
[PlyCount "111"]
[EventDate "2016.07.09"]
[EventType "swiss"]
[EventRounds "13"]
[EventCountry "IND"]
[SourceTitle "CBM 173 Extra"]
[Source "ChessBase"]
[SourceDate "2016.08.29"]
[SourceVersion "1"]
[SourceVersionDate "2016.08.29"]
[SourceQuality "1"]

1. Nf3 d5 2. g3 c6 3. Bg2 Nf6 4. 0-0 Bf5 5. d3 e6 6. Nbd2 Be7 7. Qe1 h6 8. e4 Bh7 9. Qe2 0-0 10. b3 a5 11. a3 Re8 12. Bb2 Nfd7 13. Rfe1 Bf6 14. d4 Na6 15. c4 Nc7 16. Rac1 g5 17. e5 Be7 18. h3 a4 19. b4 dxc4 20. Nxc4 Nd5 21. Nh2 N7b6 22. Nd2 Kg7 23. Ne4 Bg6 24. Ng4 Nd7 25. Rcd1 h5 26. Nh2 Rh8 27. Qd2 Nf8 28. Bc1 Nh7 29. Nc5 Bxc5 30. dxc5 b6 31. cxb6 Qxb6 32. Nf3 h4 33. Qd4 hxg3 34. Qxb6 Nxb6 35. fxg3 g4 36. hxg4 Nd5 37. Bd2 Rac8 38. Rc1 Rc7 39. Nd4 Rhc8 40. Rc5 Nf8 41. Rec1 Nd7 42. Rxc6 Rxc6 43. Nxc6 N7b6 44. b5 Kf8 45. Kf2 Ke8 46. Ke2 Rc7 47. Ba5 Rb7 48. Bxb6 Rxb6 49. Bxd5 exd5 50. Nd4 Kd7 51. Ke3 Rb8 52. Rc6 Be4 53. Ra6 Rc8 54. Ra7+ Ke8 55. Nc6 Bg2 56. Kd4 1-0

[Event "Ho Chi Minh City HD Bank op-A 6th"]
[Site "Ho Chi Minh City"]
[Date "2016.03.13"]
[Round "9"]
[White "Ramnath, Bhuvanesh R"]
[Black "Le, Minh Hoang"]
[Result "0-1"]
[WhiteElo "2392"]
[BlackElo "2175"]
[PlyCount "72"]
[EventDate "2016.03.08"]
[EventType "swiss"]
[EventRounds "9"]
[EventCountry "VIE"]
[SourceTitle "CBM 171 Extra"]
[Source "ChessBase"]
[SourceDate "2016.04.26"]
[SourceVersion "1"]
[SourceVersionDate "2016.04.26"]
[SourceQuality "1"]

1. e4 c5 2. Nf3 d6 3. Bc4 Nf6 4. d3 e6 5. Bb3 Nc6 6. c3 Be7 7. 0-0 d5 8. e5 Ng4 9. d4 h5 10. Qe2 b6 11. Rd1 c4 12. Bc2 b5 13. b3 Rb8 14. b4 a5 15. a3 Ra8 16. Bb2 Qc7 17. Nbd2 Bb7 18. Nf1 Kd7 19. h3 Nh6 20. Ne3 axb4 21. cxb4 g6 22. g4 hxg4 23. hxg4 Qd8 24. Rf1 Kc7 25. Rad1 Qg8 26. Nh2 g5 27. Ng2 Qg7 28. Bc1 f5 29. f3 f4 30. Rfe1 Nf7 31. Nf1 Kd7 32. Bb2 Bd8 33. Nd2 Bb6 34. Nb1 Qh6 35. Kf2 Qh3 36. Rg1 Nfxe5 0-1

[Event "Ho Chi Minh City HD Bank op-A 6th"]
[Site "Ho Chi Minh City"]
[Date "2016.03.11"]
[Round "6"]
[White "Ramnath, Bhuvanesh R"]
[Black "Duong, The Anh"]
[Result "1/2-1/2"]
[WhiteElo "2392"]
[BlackElo "2317"]
[PlyCount "61"]
[EventDate "2016.03.08"]
[EventType "swiss"]
[EventRounds "9"]
[EventCountry "VIE"]
[SourceTitle "CBM 171 Extra"]
[Source "ChessBase"]
[SourceDate "2016.04.26"]
[SourceVersion "1"]
[SourceVersionDate "2016.04.26"]
[SourceQuality "1"]

1. e4 e6 2. d3 b6 3. g3 Bb7 4. Bg2 c5 5. Nc3 Nf6 6. f4 Be7 7. Nf3 d5 8. e5 Nfd7 9. 0-0 g6 10. Ne2 Nc6 11. c3 b5 12. g4 h5 13. h3 hxg4 14. hxg4 Qb6 15. Be3 0-0-0 16. d4 c4 17. Qd2 Kb8 18. f5 gxf5 19. gxf5 Rdg8 20. f6 Bf8 21. Kf2 b4 22. Rh1 Qa5 23. Ng5 Nd8 24. Nh7 bxc3 25. bxc3 Nc5 26. Nxf8 Nd3+ 27. Kf1 Rxh1+ 28. Bxh1 Rxf8 29. Nf4 Nc6 30. Rb1 Ka8 31. Bf3 1/2-1/2

[Event "Ho Chi Minh City HD Bank op-A 6th"]
[Site "Ho Chi Minh City"]
[Date "2016.03.10"]
[Round "5"]
[White "Dao, Thien Hai"]
[Black "Ramnath, Bhuvanesh R"]
[Result "1-0"]
[WhiteElo "2481"]
[BlackElo "2392"]
[PlyCount "63"]
[EventDate "2016.03.08"]
[EventType "swiss"]
[EventRounds "9"]
[EventCountry "VIE"]
[SourceTitle "CBM 171 Extra"]
[Source "ChessBase"]
[SourceDate "2016.04.26"]
[SourceVersion "1"]
[SourceVersionDate "2016.04.26"]
[SourceQuality "1"]

1. d4 Nf6 2. c4 g6 3. Nc3 Bg7 4. e4 d6 5. h3 0-0 6. Nf3 e5 7. d5 Nh5 8. g3 Na6 9. Be2 f5 10. exf5 gxf5 11. Bg5 Qe8 12. Nh4 Nf6 13. g4 fxg4 14. hxg4 e4 15. Be3 Nc5 16. Nf5 Bxf5 17. gxf5 Qe5 18. Qd2 Qxf5 19. 0-0-0 Nd3+ 20. Kb1 Ne5 21. Nb5 Nf3 22. Qc2 Ne8 23. Rdg1 Nxg1 24. Rxg1 c5 25. Bg4 Qe5 26. Be6+ Kh8 27. Rg5 Qf6 28. Nc3 Qe7 29. Nxe4 Nc7 30. Rh5 Nxe6 31. dxe6 Qxe6 32. Nf6 1-0

[Event "Ho Chi Minh City HD Bank op-A 6th"]
[Site "Ho Chi Minh City"]
[Date "2016.03.10"]
[Round "4"]
[White "Ramnath, Bhuvanesh R"]
[Black "Pham, Duc Thang"]
[Result "1-0"]
[WhiteElo "2392"]
[BlackElo "2234"]
[PlyCount "55"]
[EventDate "2016.03.08"]
[EventType "swiss"]
[EventRounds "9"]
[EventCountry "VIE"]
[SourceTitle "CBM 171 Extra"]
[Source "ChessBase"]
[SourceDate "2016.04.26"]
[SourceVersion "1"]
[SourceVersionDate "2016.04.26"]
[SourceQuality "1"]

1. e4 c5 2. Nf3 e6 3. d4 cxd4 4. Nxd4 a6 5. Be2 Nf6 6. Nc3 Bb4 7. e5 Nd5 8. 0-0 Bxc3 9. bxc3 Nxc3 10. Qd3 Nxe2+ 11. Qxe2 0-0 12. Ba3 Re8 13. Rad1 b5 14. Rd3 b4 15. Qe4 d5 16. exd6 Qb6 17. Bb2 Ra7 18. Nf5 f6 19. Ne7+ Raxe7 20. dxe7 Rxe7 21. Rh3 h6 22. Bxf6 Bb7 23. Qg4 Rf7 24. Rxh6 Qc6 25. Be5 Nd7 26. Rxe6 Nxe5 27. Rxe5 Rf4 28. Qe6+ 1-0

[Event "IND-ch Challengers 53rd"]
[Site "Nagpur"]
[Date "2015.08.20"]
[Round "6"]
[White "Thakur, Akash"]
[Black "Ramnath, Bhuvanesh R"]
[Result "0-1"]
[WhiteElo "2332"]
[BlackElo "2431"]
[PlyCount "78"]
[EventDate "2015.08.17"]
[EventType "swiss"]
[EventRounds "13"]
[EventCountry "IND"]
[SourceTitle "EXT 2016"]
[Source "ChessBase"]
[SourceDate "2015.10.08"]
[SourceVersion "1"]
[SourceVersionDate "2015.10.08"]
[SourceQuality "1"]

1. e4 c5 2. Nf3 Nc6 3. Bb5 Nf6 4. Nc3 Qc7 5. 0-0 Nd4 6. Bc4 e6 7. Re1 Ng4 8. g3 Nxf3+ 9. Qxf3 Ne5 10. Qe2 Nxc4 11. Qxc4 a6 12. a4 Qe5 13. a5 d6 14. b3 Bd7 15. Bb2 Qh5 16. d4 Rc8 17. Na4 cxd4 18. Qxd4 Rxc2 19. Rac1 Rxc1 20. Rxc1 Qxa5 21. Qa7 Bc6 22. Nb6 f6 23. Qb8+ Kf7 24. Nc4 Qb5 25. Ba3 Qxb3 26. Bxd6 Qd3 27. Qc7+ Kg6 28. Bxf8 Rxf8 29. Nd6 Bxe4 30. Qe7 Bd5 31. Qxf8 Qf3 32. Qe8+ Kg5 33. Nf7+ Kf5 34. Nd6+ Kg5 35. Kf1 Qh1+ 36. Ke2 Qxc1 37. f4+ Kg4 38. Qe7 Qc2+ 39. Ke3 Qc3+ 0-1

[Event "IND-ch Challengers 53rd"]
[Site "Nagpur"]
[Date "2015.08.18"]
[Round "2"]
[White "Rajdeep, Sarkar"]
[Black "Ramnath, Bhuvanesh R"]
[Result "1/2-1/2"]
[WhiteElo "2154"]
[BlackElo "2431"]
[PlyCount "50"]
[EventDate "2015.08.17"]
[EventType "swiss"]
[EventRounds "13"]
[EventCountry "IND"]
[SourceTitle "EXT 2016"]
[Source "ChessBase"]
[SourceDate "2015.10.08"]
[SourceVersion "1"]
[SourceVersionDate "2015.10.08"]
[SourceQuality "1"]

1. d4 Nf6 2. Nf3 g6 3. Nbd2 Bg7 4. e4 d6 5. g3 0-0 6. Bg2 Nbd7 7. 0-0 e5 8. c3 Re8 9. Re1 b6 10. a4 a6 11. b3 Bb7 12. Qc2 exd4 13. cxd4 c5 14. Bb2 cxd4 15. Nxd4 Rc8 16. Qb1 d5 17. exd5 Bxd5 18. Rxe8+ Qxe8 19. Bxd5 Nxd5 20. Nc4 Qe7 21. Qd1 N7f6 22. Qf3 Qe4 23. Rd1 h5 24. Qxe4 Nxe4 25. Ne2 Bxb2 1/2-1/2

[Event "New Delhi Parsvnath op 13th"]
[Site "New Delhi"]
[Date "2015.01.14"]
[Round "8"]
[White "Cruz, Cristhian"]
[Black "Ramnath, Bhuvanesh R"]
[Result "1-0"]
[WhiteElo "2546"]
[BlackElo "2405"]
[PlyCount "45"]
[EventDate "2015.01.09"]
[EventType "tourn"]
[EventRounds "10"]
[EventCountry "IND"]
[SourceTitle "CBM 164 Extra"]
[Source "ChessBase"]
[SourceDate "2015.03.02"]
[SourceVersion "1"]
[SourceVersionDate "2015.03.02"]
[SourceQuality "1"]

1. d4 Nf6 2. c4 d6 3. Nc3 Bf5 4. f3 e5 5. e4 exd4 6. Qxd4 Nc6 7. Qd2 Be6 8. b3 g6 9. Bb2 Bg7 10. Bd3 0-0 11. Nge2 Nd7 12. 0-0 Nc5 13. Bc2 a6 14. f4 Bg4 15. Ng3 h5 16. Bd1 Bxd1 17. Raxd1 h4 18. Nge2 a5 19. f5 Ne5 20. Nd5 Nxe4 21. Qc2 c6 22. Qxe4 cxd5 23. Qxd5 1-0

[Event "Abu Dhabi op 22nd"]
[Site "Abu Dhabi"]
[Date "2014.08.24"]
[Round "5"]
[White "Ramnath, Bhuvanesh R"]
[Black "Lorparizangeneh, Shahin"]
[Result "1/2-1/2"]
[WhiteElo "2420"]
[BlackElo "2277"]
[PlyCount "141"]
[EventDate "2014.08.20"]
[EventType "swiss"]
[EventRounds "9"]
[EventCountry "UAE"]
[SourceTitle "CBM 162 Extra"]
[Source "ChessBase"]
[SourceDate "2014.10.17"]
[SourceVersion "1"]
[SourceVersionDate "2014.10.17"]
[SourceQuality "1"]

1. e4 c6 2. d4 d5 3. e5 Bf5 4. Nf3 e6 5. Be2 Ne7 6. 0-0 c5 7. c4 Nbc6 8. Na3 a6 9. cxd5 Nxd5 10. Bg5 Qc7 11. Rc1 cxd4 12. Nxd4 Bxa3 13. bxa3 Qxe5 14. Nxc6 bxc6 15. Rxc6 0-0 16. Bf3 Be4 17. Qe2 Qxg5 18. Qxe4 Qd2 19. Qa4 Qd3 20. Qb3 Qb5 21. Rfc1 Rfb8 22. R1c5 Qxb3 23. axb3 Ne7 24. Rc7 Nd5 25. Bxd5 exd5 26. b4 Re8 27. Kf1 Rad8 28. Rc2 d4 29. Re2 g6 30. Rxe8+ Rxe8 31. Rd7 Rc8 32. Rxd4 Rc3 33. a4 Ra3 34. a5 Rb3 35. Ke2 Rb2+ 36. Ke3 h5 37. h4 Kg7 38. Rf4 Kf8 39. Kd3 Ke7 40. Kc4 Rc2+ 41. Kd5 f5 42. g3 Kd7 43. Rf3 Rd2+ 44. Kc5 Kc7 45. Rf4 Rc2+ 46. Kd5 Kd7 47. Kd4 Kd6 48. Kd3 Rb2 49. Kc3 Ra2 50. Rd4+ Kc6 51. Rd2 Ra3+ 52. Kc4 Ra1 53. Rd8 Rc1+ 54. Kb3 Rb1+ 55. Kc3 Rc1+ 56. Kd2 Rc4 57. Rb8 Kd5 58. Kd3 Rd4+ 59. Ke3 Re4+ 60. Kf3 Kc4 61. Rb6 Rg4 62. Kg2 f4 63. Kf3 fxg3 64. fxg3 g5 65. hxg5 Rxg5 66. Rxa6 Kxb4 67. Ra8 Kb5 68. Kf4 Rg4+ 69. Kf3 Rg5 70. Kf2 Rg4 71. Kf3 1/2-1/2

[Event "Dindigul Cities-ch"]
[Site "Dindigul"]
[Date "2014.06.18"]
[Round "5.4"]
[White "Karthik, Venkataraman"]
[Black "Ramnath, Bhuvanesh R"]
[Result "0-1"]
[WhiteElo "2272"]
[BlackElo "2412"]
[PlyCount "158"]
[EventDate "2014.06.16"]
[EventType "team-swiss"]
[EventRounds "7"]
[EventCountry "IND"]
[SourceTitle "CBM 161 Extra"]
[Source "ChessBase"]
[SourceDate "2014.08.29"]
[SourceVersion "1"]
[SourceVersionDate "2014.08.29"]
[SourceQuality "1"]
[WhiteTeam "Tenali"]
[BlackTeam "Chennai"]
[WhiteTeamCountry "IND"]
[BlackTeamCountry "IND"]

1. Nf3 Nf6 2. g3 g6 3. Bg2 Bg7 4. 0-0 0-0 5. d4 c6 6. c4 d6 7. Nc3 Bf5 8. b3 Ne4 9. Bb2 Nxc3 10. Bxc3 Be4 11. Qd2 Nd7 12. Qe3 d5 13. cxd5 Bxd5 14. Rfe1 Nf6 15. Bb2 a5 16. Bh3 Bxf3 17. Qxf3 Nd5 18. a3 Qb6 19. Red1 Rfd8 20. Rd3 Rd6 21. Rad1 Rad8 22. e4 Nc7 23. e5 Rd5 24. Bf1 e6 25. Qe3 Bf8 26. Bg2 R5d7 27. Qe4 Nb5 28. a4 Nc7 29. Bc1 Nd5 30. Bg5 Be7 31. h4 Bxg5 32. hxg5 Qb4 33. Rc1 Qa3 34. Rcd1 Nb4 35. Rf3 Qb2 36. Qf4 Nd5 37. Qd2 Qxd2 38. Rxd2 Nb4 39. Rf4 c5 40. Bf1 Rd5 41. Bg2 R5d7 42. Bf1 Kg7 43. Bb5 Rd5 44. Kg2 Nc6 45. Bxc6 bxc6 46. Rc2 cxd4 47. Rxc6 d3 48. Rc7 R8d7 49. Rc1 Rxe5 50. Kf1 Rxg5 51. b4 Rh5 52. Kg2 axb4 53. Rxb4 Rhd5 54. Kf3 Rd4 55. Rxd4 Rxd4 56. Ke3 Rxa4 57. Kxd3 h5 58. Rh1 Kf6 59. Ke3 Kg5 60. Rc1 Kf6 61. Rh1 Rg4 62. Kf3 Kg5 63. Re1 Rb4 64. Re5+ Kf6 65. Ra5 e5 66. Ra7 h4 67. gxh4 Rxh4 68. Kg3 Rf4 69. Rb7 Kg5 70. Re7 e4 71. Re5+ f5 72. Kg2 Rg4+ 73. Kf1 Kf4 74. Ra5 Rh4 75. Rb5 g5 76. Ra5 g4 77. Kg2 Rh3 78. Ra4 Rb3 79. Rc4 g3 0-1

[Event "Dindigul Cities-ch"]
[Site "Dindigul"]
[Date "2014.06.17"]
[Round "3.4"]
[White "Harikrishnan, AR."]
[Black "Ramnath, Bhuvanesh R"]
[Result "0-1"]
[WhiteElo "2009"]
[BlackElo "2412"]
[PlyCount "96"]
[EventDate "2014.06.16"]
[EventType "team-swiss"]
[EventRounds "7"]
[EventCountry "IND"]
[SourceTitle "CBM 161 Extra"]
[Source "ChessBase"]
[SourceDate "2014.08.29"]
[SourceVersion "1"]
[SourceVersionDate "2014.08.29"]
[SourceQuality "1"]
[WhiteTeam "Chennai II"]
[BlackTeam "Chennai"]
[WhiteTeamCountry "IND"]
[BlackTeamCountry "IND"]

1. Nf3 Nf6 2. c4 g6 3. b3 Bg7 4. Bb2 0-0 5. g3 d5 6. Bg2 c6 7. 0-0 a5 8. cxd5 cxd5 9. a4 Nc6 10. d4 Ne4 11. Nc3 Bf5 12. Rc1 Rc8 13. Nb5 Qb6 14. Nh4 Bd7 15. e3 Nb4 16. Nc3 Nxc3 17. Rxc3 Bf6 18. Nf3 Na2 19. Rxc8 Rxc8 20. Ne1 Bxa4 21. Bxd5 Bb5 22. Nd3 Nb4 23. Nxb4 Bxf1 24. Na2 Bb5 25. Ba3 Bc6 26. Bc4 Qd8 27. Nc3 Qd7 28. Qd3 Bf3 29. Na4 Qg4 30. Qf1 Rd8 31. Bc5 Bc6 32. f4 h5 33. Qe2 Qf5 34. Nc3 Qh3 35. Qf1 Qg4 36. Be2 Qe6 37. Nd1 Qe4 38. Kf2 Qc2 39. Kg1 Qxb3 40. Bc4 Qc2 41. Bd3 Qd2 42. Qe2 Qxe2 43. Bxe2 b5 44. Bb6 Ra8 45. e4 Bxe4 46. Nc3 Bc6 47. d5 Bxc3 48. dxc6 a4 0-1

[Event "Mumbai Mayors Cup 7th"]
[Site "Mumbai"]
[Date "2014.06.05"]
[Round "6"]
[White "Ramnath, Bhuvanesh R"]
[Black "Paichadze, Luka"]
[Result "1/2-1/2"]
[WhiteElo "2412"]
[BlackElo "2544"]
[PlyCount "75"]
[EventDate "2014.06.02"]
[EventType "swiss"]
[EventRounds "10"]
[EventCountry "IND"]
[SourceTitle "CBM 160 Extra"]
[Source "ChessBase"]
[SourceDate "2014.07.01"]
[SourceVersion "1"]
[SourceVersionDate "2014.07.01"]
[SourceQuality "1"]

1. e4 c6 2. d4 d5 3. exd5 cxd5 4. c4 Nf6 5. Nc3 Nc6 6. Nf3 Bg4 7. cxd5 Nxd5 8. Qb3 Bxf3 9. gxf3 Nb6 10. d5 Nd4 11. Bb5+ Nd7 12. Qa4 Nxb5 13. Qxb5 g6 14. Bg5 h6 15. Bf4 Bg7 16. 0-0 0-0 17. Rfe1 g5 18. Bg3 f5 19. f4 Rf6 20. Re2 Rg6 21. Kh1 Nb6 22. fxg5 Bxc3 23. bxc3 hxg5 24. Re6 Rf6 25. Be5 Rxe6 26. dxe6 Qc8 27. Rg1 g4 28. h3 Qxe6 29. hxg4 fxg4 30. f3 Qh6+ 31. Bh2 Kf7 32. Rxg4 Rh8 33. Qf5+ Ke8 34. Qe5 Nd7 35. Qc7 e5 36. Rg2 Qc1+ 37. Rg1 Qh6 38. Rg2 1/2-1/2

[Event "Mumbai Mayors Cup 7th"]
[Site "Mumbai"]
[Date "2014.06.04"]
[Round "4"]
[White "Ramnath, Bhuvanesh R"]
[Black "Sanjeev, Kumar"]
[Result "1-0"]
[WhiteElo "2412"]
[BlackElo "2230"]
[PlyCount "81"]
[EventDate "2014.06.02"]
[EventType "swiss"]
[EventRounds "10"]
[EventCountry "IND"]
[SourceTitle "CBM 160 Extra"]
[Source "ChessBase"]
[SourceDate "2014.07.01"]
[SourceVersion "1"]
[SourceVersionDate "2014.07.01"]
[SourceQuality "1"]

1. e4 c5 2. b3 Nc6 3. Bb2 d6 4. Bb5 Nf6 5. Bxc6+ bxc6 6. d3 e5 7. Ne2 g5 8. Nd2 Be6 9. Nc4 Rb8 10. Bc1 Nh5 11. 0-0 Nf4 12. Ng3 Qf6 13. Bb2 Be7 14. Ne3 h5 15. Ngf5 Bxf5 16. Nxf5 Ng6 17. Qd2 Bd8 18. Rab1 Rg8 19. Kh1 Qe6 20. Bc3 Ne7 21. Ne3 d5 22. Ba5 Bb6 23. Bxb6 axb6 24. b4 d4 25. Nc4 b5 26. bxc5 h4 27. a4 g4 28. f4 gxf3 29. Rxf3 h3 30. Rxh3 Ng6 31. Rh7 Rd8 32. Nd6+ Rxd6 33. cxd6 Nf4 34. g3 Qg4 35. Qf2 Qg6 36. Rh4 Ne6 37. axb5 cxb5 38. Rxb5 Qg5 39. Rb8+ Nd8 40. Rh7 Qg6 41. Qf5 1-0

[Event "Mumbai Mayors Cup 7th"]
[Site "Mumbai"]
[Date "2014.06.03"]
[Round "3"]
[White "Mohammad, Nubairshah Shaikh"]
[Black "Ramnath, Bhuvanesh R"]
[Result "0-1"]
[WhiteElo "2237"]
[BlackElo "2412"]
[PlyCount "90"]
[EventDate "2014.06.02"]
[EventType "swiss"]
[EventRounds "10"]
[EventCountry "IND"]
[SourceTitle "CBM 160 Extra"]
[Source "ChessBase"]
[SourceDate "2014.07.01"]
[SourceVersion "1"]
[SourceVersionDate "2014.07.01"]
[SourceQuality "1"]

1. d4 Nf6 2. c4 g6 3. Nc3 Bg7 4. e4 d6 5. h3 0-0 6. Bg5 Na6 7. Bd3 e5 8. d5 Qe8 9. g4 Bd7 10. a3 Nc5 11. Bc2 a5 12. b4 axb4 13. axb4 Rxa1 14. Qxa1 Na6 15. Qa5 Qc8 16. Nge2 h5 17. f3 Nh7 18. Be7 Re8 19. Bh4 Bh6 20. Bf2 Rf8 21. c5 Ng5 22. Ng1 b6 23. Qa3 bxc5 24. bxc5 Nxc5 25. h4 Nh7 26. gxh5 Nf6 27. hxg6 fxg6 28. Nge2 Nh5 29. Rg1 Rxf3 30. Bxc5 dxc5 31. Rxg6+ Kh7 32. Rxh6+ Kxh6 33. Qxc5 Qd8 34. Kd2 Qxh4 35. Qxc7 Qg5+ 36. Ke1 Bh3 37. Qb6+ Rf6 38. Qg1 Qxg1+ 39. Nxg1 Rf1+ 40. Kd2 Rxg1 41. Ba4 Nf6 42. Bc6 Rg2+ 43. Kd3 Kg7 44. Kc4 Rd2 45. Kc5 Rd3 0-1